|
|
|
|
| LEADER |
00800cam a2200241 7i4500 |
| 001 |
0000075256 |
| 005 |
20230220090000.0 |
| 020 |
|
|
|a 9781003279969 (electronic book)
|
| 090 |
0 |
0 |
|a BL473
|b .R46 2023
|
| 100 |
1 |
|
|a Renaud, Myriam
|
| 245 |
1 |
0 |
|a Constructing moral concepts of God in a global age
|c Myriam Renaud.
|
| 264 |
|
|
|a Abingdon, Oxon:
|b Routledge,
|c 2023.
|
| 300 |
|
|
|a 1 online resource (204 pages):
|b text file, PDF.
|
| 336 |
|
|
|a text
|2 rdacontent
|
| 337 |
|
|
|a computer
|2 rdamedia
|
| 338 |
|
|
|a online resource
|2 rdacarrier
|
| 600 |
1 |
0 |
|a Kaufman, Gordon D
|
| 650 |
|
0 |
|a God (Christianity)
|
| 650 |
|
0 |
|a Philosophical theology
|
| 650 |
|
0 |
|a God
|
| 655 |
|
0 |
|a Electronic books
|
| 856 |
4 |
2 |
|u http://library.unisel.edu.my/web/guest/mylibrary
|
| 999 |
|
|
|a EBO0018415
|b EBOOK
|c EBOOK
|e Electronic resources
|